रेल्वे All Exams (Non Technical ,Technical,Group 'D' & RPR/RPSF) Reasoning Chapterwise & Typewise सॉल्वड पेपर्स (Record no. 67814)
[ view plain ]
| 000 -LEADER | |
|---|---|
| fixed length control field | 00568nam a22001577a 4500 |
| 003 - CONTROL NUMBER IDENTIFIER | |
| control field | macl |
| 005 - DATE AND TIME OF LATEST TRANSACTION | |
| control field | 20241215130108.0 |
| 008 - FIXED-LENGTH DATA ELEMENTS--GENERAL INFORMATION | |
| fixed length control field | 241215b |||||||| |||| 00| 0 eng d |
| 040 ## - CATALOGING SOURCE | |
| Transcribing agency | macl |
| 082 ## - DEWEY DECIMAL CLASSIFICATION NUMBER | |
| Classification number | 160 |
| 100 ## - MAIN ENTRY--PERSONAL NAME | |
| Personal name | प्रसाद,एस एन |
| 9 (RLIN) | 83048 |
| 245 ## - TITLE STATEMENT | |
| Title | रेल्वे All Exams (Non Technical ,Technical,Group 'D' & RPR/RPSF) Reasoning Chapterwise & Typewise सॉल्वड पेपर्स |
| 260 ## - PUBLICATION, DISTRIBUTION, ETC. (IMPRINT) | |
| Place of publication, distribution, etc. | Delhi |
| Name of publisher, distributor, etc. | Kiran Institute of Career Ecellence |
| Date of publication, distribution, etc. | 2023 |
| 650 ## - SUBJECT ADDED ENTRY--TOPICAL TERM | |
| Topical term or geographic name as entry element | तर्कशक्ति |
| 9 (RLIN) | 73188 |
| 942 ## - ADDED ENTRY ELEMENTS (KOHA) | |
| Source of classification or shelving scheme | |
| Koha item type | Competitive Books |
| Withdrawn status | Lost status | Source of classification or shelving scheme | Damaged status | Not for loan | Home library | Current library | Date acquired | Cost, normal purchase price | Total Checkouts | Full call number | Barcode | Date last seen | Date last checked out | Price effective from | Koha item type |
|---|---|---|---|---|---|---|---|---|---|---|---|---|---|---|---|
| MACL | MACL | 15/12/2024 | 525.00 | 6 | 160 | DPI003147 | 26/02/2026 | 08/02/2026 | 15/12/2024 | Competitive Books |









